00277nam a2200121Ia 4500008004100000041001200041082001800053100002100071245001400092260001700106300000900123650002300132231217s9999 xx 000 0 und d aEnglish a001.6404 TIS aTischer, Michael 0aPC intern c1992bAbacus a1320 aPersonal computers